Ginny Weasley, This Is Your Life Quiz Stats

 Plays Quiz Updated Apr 18, 2020

     
Support Sporcle.
Go Orange.
Score 0/10 Timer 02:00
1 Play Today
% Correct
???
99.9%
???
93.4%
???
64.3%
???
62.9%
???
52.3%
???
39.4%
???
30.4%
???
29%
???
28.8%
???
28.8%

From the Vault

Separated Holidays (Valentine's Day)

by beforever

Holiday 4m
No one should be separated on Valentine's Day!
Remove Ads.
Support Sporcle.
Get the best of Sporcle when you Go Orange. This ad-free experience offers more features, more stats, and more fun while also helping to support Sporcle. Thank you for becoming a member.

Show Comments

Extras

Top Quizzes Today


Score Distribution

Your Account Isn't Verified!

In order to create a playlist on Sporcle, you need to verify the email address you used during registration. Go to your Sporcle Settings to finish the process.

Report this User

Report this user for behavior that violates our Community Guidelines.

Details: